000
00331 a2200145 4500
001
62053
020
_a
3406317618
040
_c
Anchieta - Pituba
240
1
0
_a
Deutsches Museum
_l
por
245
1
0
_a
Deutsches Museum
300
_a
287
362
0
_a
1988
650
4
_a
Línguas germânicas (teutônicas) língua alemã
942
_c
BK
999
_c
62053
_d
62053